Hướng dẫn học nhanh Microsoft Office Access 2007 dành cho người mới bắt đầu Việt Văn Book

Đã lưu trong:
Bibliografiske detaljer
Institution som forfatter: Việt Văn Book
Format: Bog
Sprog:Undetermined
Udgivet: Hà Nội Giao thông vận tải 2007
Fag:
Tags: Tilføj Tag
Ingen Tags, Vær først til at tagge denne postø!
Thư viện lưu trữ: Trung tâm Học liệu Trường Đại học Cần Thơ
LEADER 00721nam a2200205Ia 4500
001 CTU_129362
008 210402s9999 xx 000 0 und d
020 |c 45000 
082 |a 005.7565 
082 |b V308 
110 |a Việt Văn Book 
245 0 |a Hướng dẫn học nhanh Microsoft Office Access 2007 dành cho người mới bắt đầu 
245 0 |b Việt Văn Book 
260 |a Hà Nội 
260 |b Giao thông vận tải 
260 |c 2007 
650 |a Database management,Microsoft Access.,Microsoft Access.,Quản trị CSDL 
650 |x Computer programs.,Chương trình máy tính 
904 |i Minh 
980 |a Trung tâm Học liệu Trường Đại học Cần Thơ